My First Peek-a-boo : (Record no. 5622)

MARC details
000 -LEADER
fixed length control field 01616cam a22004937i 4500
001 - CONTROL NUMBER
control field 5622
003 - CONTROL NUMBER IDENTIFIER
control field FISKH
005 - DATE AND TIME OF LATEST TRANSACTION
control field 20241220123711.0
008 - FIXED-LENGTH DATA ELEMENTS--GENERAL INFORMATION
fixed length control field 170706t20172017nyua j 000 1 eng d
010 ## - LIBRARY OF CONGRESS CONTROL NUMBER
LC control number 2017288500
020 ## - INTERNATIONAL STANDARD BOOK NUMBER
International Standard Book Number 9781534401051
Qualifying information (board book)
020 ## - INTERNATIONAL STANDARD BOOK NUMBER
International Standard Book Number 1534401059
Qualifying information (board book)
040 ## - CATALOGING SOURCE
Original cataloging agency BTCTA
Language of cataloging eng
Transcribing agency BTCTA
Description conventions rda
Modifying agency BDX
-- UAP
-- DYJ
-- SRC
-- B@L
-- OCLCO
-- IUK
-- SXP
-- OCLCO
-- FM0
-- DLC
050 ## - LIBRARY OF CONGRESS CALL NUMBER
Classification number QL49.C278
082 ## - DEWEY DECIMAL CLASSIFICATION NUMBER
Classification number 590
100 1# - MAIN ENTRY--PERSONAL NAME
Personal name Carle, Eric,
245 10 - TITLE STATEMENT
Title My First Peek-a-boo :
Remainder of title Animals /
260 ## - PUBLICATION, DISTRIBUTION, ETC.
Place of publication, distribution, etc. Little Simon :
Name of publisher, distributor, etc. New York,
Date of publication, distribution, etc. 2017.
300 ## - PHYSICAL DESCRIPTION
Extent 16 unnumbered pages :
Other physical details color illustrations ;
Dimensions 18 cm.
336 ## - CONTENT TYPE
Content type term text
Content type code txt
Source rdacontent
336 ## - CONTENT TYPE
Content type term still image
Content type code sti
Source rdacontent
337 ## - MEDIA TYPE
Media type term unmediated
Media type code n
Source rdamedia
338 ## - CARRIER TYPE
Carrier type term volume
Carrier type code nc
Source rdacarrier
490 1# - SERIES STATEMENT
Series statement The world of Eric Carle
490 1# - SERIES STATEMENT
Series statement A lift-the-flap book
500 ## - GENERAL NOTE
General note Title from cover.
500 ## - GENERAL NOTE
General note On board pages.
505 ## - FORMATTED CONTENTS NOTE
Formatted contents note F<br/>
520 ## - SUMMARY, ETC.
Summary, etc. Read a rhyme, and then lift a flap to reveal an animal in this game of peek-a-boo! --
521 8# - TARGET AUDIENCE NOTE
Target audience note 300<br/>
Source Lexile estimate <br/>
521 8# - TARGET AUDIENCE NOTE
Target audience note F<br/>
Source Raz-Plus<br/>
650 #0 - SUBJECT ADDED ENTRY--TOPICAL TERM
Topical term or geographic name entry element Animals
Form subdivision Juvenile literature.
650 #0 - SUBJECT ADDED ENTRY--TOPICAL TERM
Topical term or geographic name entry element Board books
Form subdivision Juvenile literature.
650 #0 - SUBJECT ADDED ENTRY--TOPICAL TERM
Topical term or geographic name entry element Animals
Form subdivision Juvenile fiction.
650 #1 - SUBJECT ADDED ENTRY--TOPICAL TERM
Topical term or geographic name entry element Lift-the-flap books.
650 #1 - SUBJECT ADDED ENTRY--TOPICAL TERM
Topical term or geographic name entry element Toy and movable books.
655 #7 - INDEX TERM--GENRE/FORM
Genre/form data or focus term Stories in rhyme.
Source of term lcgft
655 #7 - INDEX TERM--GENRE/FORM
Genre/form data or focus term Toy and movable books.
Source of term lcgft
655 #7 - INDEX TERM--GENRE/FORM
Genre/form data or focus term Lift-the-flap books.
Source of term lcgft
655 #7 - INDEX TERM--GENRE/FORM
Genre/form data or focus term Board books.
Source of term lcgft
906 ## - LOCAL DATA ELEMENT F, LDF (RLIN)
a 7
b cbc
c copycat
d 2
e ncip
f 20
g y-gencatlg
942 ## - ADDED ENTRY ELEMENTS (KOHA)
Source of classification or shelving scheme Dewey Decimal Classification
Koha item type Books
Suppress in OPAC No
Holdings
Withdrawn status Lost status Source of classification or shelving scheme Damaged status Not for loan Collection Home library Current library Shelving location Date acquired Total Checkouts Full call number Barcode Date last seen Date last checked out Price effective from Koha item type
    Dewey Decimal Classification     Non-Fiction Footprints International School Library Network Toul Kork Campus Footprints International School Library Network Toul Kork Campus TK Primary Library Room(4th Floor), Bookcase 7, Shelves 57-60, Dark Green Books 12/20/2024 2 CAR 590 QL49.C278 2024-2491 11/11/2025 09/04/2025 12/20/2024 Books